Leaders of Hungary - Statistics

General Stats
  • This quiz has been taken 10 times
  • The average score is 6 of 24
Answer Stats
% Correct
Hungary (2012-) (de facto) 2010- Viktor Orbán
100%
Hungarian People's Republic (1949-1989) 1956-1988 János Kádár
88%
Hungarian Soviet Republic (1919) 1919 Béla Kun
63%
Hungary (2012-) 2022- Katalin Novák
63%
Hungarian People's Republic (1949-1989) 1949-1956 Mátyás Rákosi
63%
Kingdom of Hungary (1920-1946) 1920-1944 Miklós Horthy
50%
Kingdom of Hungary (German occupation; 1944-1945) 1944-1945 Ferenc Szálasi
38%
Hungary (2012-) 2012-2022 János Áder
38%
Hungarian Republic (1989-2012) 1990-2000 Árpád Göncz
25%
Hungarian Republic (1946-1949) 1948-1949 Árpád Szakasits
13%
Hungarian Republic (1989-2012) 2000-2005 Ferenc Mádl
13%
Hungarian People's Republic (1918-1919) Aug. 1919 Gyula Peidl
13%
Hungarian People's Republic (1949-1989) 1988-1989 Károly Grósz
13%
Hungary (2012-) 2012 Lászlo Kövér
13%
Hungarian Republic (1989-2012) 2005-2010 László Sólyom
13%
Hungarian People's Republic (1918-1919) 1918-1919 Mihály Károlyi
13%
Hungarian Republic (1989-2012) 2010-2012 Pál Schmitt
13%
Hungarian People's Republic (1949-1989) 1956 Ernő Gerő
0%
Hungarian Republic (1919-1920) Aug. 1919- Nov. 1919 István Friedrich
0%
Hungarian Republic (1919-1920) Aug. 1919 Joseph August
0%
Hungarian Republic (1919-1920) Nov. 1919-1920 Károly Huszar
0%
Hungarian Republic (1989-2012) 1990 Kéri Kálmán
0%
Hungarian Republic (1989-2012) 1989-1990 Mátyás Szűrös
0%
Hungarian Republic (1946-1949) 1946-1948 Zoltán Tildy
0%
No matching quizzes found
Score Distribution
Percent of People with Each Score
Percentile by Number Answered
Your Score History
You have not taken this quiz